Effectif Olympique Lyonnais 24/25 - Statistiques

Statistiques générales
  • Ce quiz a été pris 62 fois
    46 depuis la dernière actualisation
  • Le résultat moyen est 19 sur 28
Statistiques - réponses
Pays Poste Joueurs % Correct
Brésil GK Lucas Perri
95%
France BU Alexandre Lacazette
92%
Argentine DG Nicolas Tagliafico
92%
France MC Corentin Tolisso
89%
Géorgie BU Georges Mikautadze
89%
Angola DC Clinton Mata
87%
Croatie DC Duje Ćaleta-Car
87%
Angleterre DD Ainsley Maitland-Niles
84%
Belgique AG Malick Fofana
84%
Serbie MDC Nemanja Matić
84%
France AD Rayan Cherki
84%
Argentine MOC Thiago Almada
84%
Ghana AD Ernest Nuamah
82%
Brésil DG Vinícius Abner
79%
Sénégal DC Moussa Niakhaté
74%
États-Unis MDC Tanner Tessmann
74%
France DD Saël Kumbedi
71%
France GK Rémy Descamps
68%
France BU Enzo Molebe
63%
France MC Jordan Veretout
61%
Côte d'Ivoire MDC Paul Akouokou
58%
Angleterre BU Alejandro Gomes Rodriguez
55%
Portugal Coach Paulo Fonseca
55%
Comores DC Warmed Omari
55%
Croatie DD Téo Barisic
50%
Mali GK Lassine Diarra
42%
France GK Matthias Da Silva
3%
Portugal MDC Mathys De Carvalho
0%
Aucun quiz correspondant
Distribution des résultats
% des personnes avec chaque résultat
Percentile par nombre de réponses
Votre historique - résultats
Vous n’avez pas pris ce quiz depuis la dernière actualisation